[Event "S Wales Late Summer Open"]
[Site "?"]
[Date "2022.09.02"]
[Round "1.1"]
[White "Thomas, Mark"]
[Black "Camacho Collados, Jose"]
[Result "0-1"]
[WhiteElo "1842"]
[BlackElo "2407"]
[Annotator "kemen"]
[PlyCount "70"]
[EventDate "2022.??.??"]
[SourceVersionDate "2022.09.07"]

{[%evp 0,70,61,27,109,67,67,44,40,32,41,30,50,75,60,33,105,86,79,79,79,79,79,
79,79,53,97,53,118,142,210,36,35,21,21,-60,-60,-60,-60,-76,-76,-76,-76,-76,-65,
-47,-29,-105,-29,-70,-36,-152,-160,-160,-160,-160,-160,-166,-166,-166,-166,
-166,-108,-147,-162,-320,-316,-355,-301,-580,-580,-580,-351]} 1. e4 b6 2. d4
Bb7 3. Nd2 (3. Bd3 {main, Hughes-Camacho Collados, S Wales Int 0-1}) 3... e6 4.
Ngf3 d6 (4... c5 {main}) 5. Bd3 g5 $146 {a variant Hippopotamous} (5... Nd7) (
5... g6 {main lines}) 6. h3 {According to KomodoDragon3 Wh now has a winning
position!} Bg7 7. Qe2 h5 (7... h6 {is more usual, in the Hippo; waiting for Wh
to show where his K will be}) 8. Nb3 {Wh is following the KomodoDragon3 recipe}
g4 9. hxg4 hxg4 10. Rxh8 Bxh8 11. Ng5 $18 Nf6 {KomodoDragon3 considers that Bl
should give up on the g pawn} (11... Qe7 12. Qxg4 Nc6 13. c3 Nf6 (13... O-O-O
14. Qh5) 14. Qe2 O-O-O 15. Nf3 Rg8 16. Bg5 Qf8 17. O-O-O $18 {when Wh has a
clear extra pawn, but the Bl pieces are lying in wait for any premature
advances by Wh}) 12. Bd2 {Wh plays safe (maybe not the best idea in the long
run against an IM opponent)} (12. e5 $1 {gives an Engine its breakthrough} dxe5
13. dxe5 Nc6 (13... Nfd7 14. Nxe6 $1 fxe6 15. Bg6+ Kf8 16. Bh6+ Bg7 17. Nd4 Bd5
18. Qe3 $18 {KomodoDragon3}) (13... Nd5 14. Qxg4 (14. Nxf7 {also works} Kxf7
15. Qxg4 Qg8 16. Qh5+ Kf8 17. Bh7 $1 Qxg2 18. Bh6+ Bg7 19. Nd4 $18) 14... Bxe5
15. Qh5 Qe7 16. Nxf7 Bf6 17. Bg5 Nc6 18. c4 Ndb4 19. Bg6 Kd7 20. Rd1+ Kc8 21.
Bxf6 Qxf6 22. a3 $18 {KomodoDragon3}) 14. exf6 Qxf6 15. Ne4 Qe5 16. Bg5 $18 {
KomodoDragon3- and Wh is a piece up & still attacking}) 12... a5 (12... Qe7 {
and so should Bl} 13. Bb5+ Nbd7 14. O-O-O O-O-O 15. f4 $16) 13. a4 (13. d5 $1
e5 14. O-O-O a4 15. Nd4 exd4 (15... Bc8 16. Bb5+) 16. e5 $18 {KomodoDragon3}) (
13. e5 {is a variant of note to last move} dxe5 14. dxe5 Nfd7 (14... a4 15.
exf6 axb3 16. Nxe6) 15. Nxe6 $18 {KomodoDragon3}) 13... Nc6 (13... Qe7 14. Bb5+
Nbd7 15. O-O-O O-O-O 16. Kb1 $16) 14. Bb5 $18 Qe7 15. O-O-O (15. d5 $18 exd5
16. Nd4 Kd7 (16... Kf8 {giving up the piece at once may be better}) 17. O-O-O
Re8 18. exd5 Qxe2 19. dxc6+ Bxc6 20. Bxc6+ Kc8 21. Nxe2 Rxe2 22. Nxf7 $18 {
KomodoDragon3}) 15... O-O-O 16. f3 (16. f4 $14) 16... Nd7 $11 17. fxg4 $2 {
gives up a centre pawn to get a doubled g pawn} (17. d5 exd5 18. exd5 gxf3 19.
gxf3 Qxe2 20. Bxe2 Nd4 21. Nxd4 Bxd4 22. f4 Bxd5 23. Bxa5 Be3+ 24. Bd2 Bxd2+
25. Rxd2 Re8 $11 {KomodoDragon3}) (17. Qc4 Ndb8 (17... Ncb8 18. Re1 $11) 18.
Qd3 Bf6 19. f4 $11 {KomodoDragon3}) 17... Nxd4 $15 18. Nxd4 Bxd4 19. Nf3 Bg7
20. Bg5 Bf6 21. Bf4 (21. Be3) 21... Rg8 (21... Bxb2+ 22. Kxb2 Qf6+ 23. e5 Qxf4
$19 {KomodoDragon3}) 22. g5 Bh8 23. Ba6 f6 24. Bxb7+ Kxb7 25. Qd2 (25. g6 Nf8 (
25... Rxg6 26. Nd4 $11 Nc5 27. Qb5 Qd7 28. Qxd7 Nxd7 29. Nxe6) 26. Qb5 Nxg6 27.
Bd2 Ne5 28. Nd4 Qd7 29. Qxd7 Nxd7 30. Nxe6 $11 {KomodoDragon3}) 25... fxg5 $19
26. Bxg5 Qg7 27. c3 Nc5 28. Qc2 Qh7 29. e5 Qxc2+ 30. Kxc2 dxe5 (30... Bxe5 $19
31. Nxe5 Rxg5) 31. Be7 (31. Rd8 Rxd8 32. Bxd8 Nxa4 $19) 31... e4 32. Nd4 Rxg2+
33. Kb1 Nd3 34. Ba3 Bxd4 35. cxd4 e3 (35... Kc6) 0-1

[Event "S Wales Late Summer Open"]
[Site "?"]
[Date "2022.09.02"]
[Round "1.2"]
[White "Kozusek, Daniel"]
[Black "Wagner, Guy"]
[Result "1-0"]
[WhiteElo "2328"]
[BlackElo "1786"]
[Annotator "kemen"]
[PlyCount "47"]
[EventDate "2022.??.??"]
[SourceVersionDate "2022.09.07"]

{[%evp 0,5,19,28,30,29,64,68]} 1. d4 e6 2. Nf3 f5 3. g3 Nf6 4. Bg2 d5 5. O-O
Bd6 6. c4 O-O (6... c6 {main}) 7. Qc2 (7. b3 b6 8. Ba3 {main}) 7... Ne4 (7...
c6) 8. Bf4 $146 (8. c5 Be7 9. b4 {1.5-0.5}) (8. Nc3 c6 9. Bf4 {Cloud Engines})
8... Bxf4 9. gxf4 b6 10. Nbd2 Nd7 (10... Bb7) 11. Rac1 (11. cxd5 exd5 12. Qc6
Rb8 13. Rfc1 (13. Qxd5+) 13... Ndf6 14. Qxc7 $18 {KomodoDragon3}) 11... c5 12.
Rfd1 Bb7 13. e3 Qe7 14. dxc5 Ndxc5 15. Ne5 g5 $6 (15... a5 $14) 16. fxg5 (16.
b4 Nd7 17. Nxd7 Qxd7 18. fxg5 Nxg5 19. f4 Nf7 20. Kh1 $18 {KomodoDragon3})
16... Qxg5 17. Ndf3 (17. b4 Qg7 18. f4 Nxd2 19. Qxd2 Ne4 20. Qb2 $16 {
Stockfish15 & KomodoDragon3}) 17... Qe7 (17... Qg7 $11 {both Engines}) 18. b4
Nd7 19. Kh1 Nxe5 (19... Ndf6 20. Nd4 $16) 20. Nxe5 $18 Qxb4 $2 21. Bxe4 fxe4
22. cxd5 Qd6 (22... Bxd5 23. Rg1+ Kh8 24. Qc7) 23. Rg1+ Kh8 24. Qb2 1-0

[Event "S Wales Late Summer Open"]
[Site "?"]
[Date "2022.09.02"]
[Round "1.3"]
[White "Zografos, Lef"]
[Black "Bullen, Alex"]
[Result "0-1"]
[WhiteElo "1749"]
[BlackElo "2115"]
[Annotator "kemen"]
[PlyCount "68"]
[EventDate "2022.??.??"]
[SourceVersionDate "2022.09.07"]

{[%evp 0,15,80,30,59,75,84,2,31,-10,-10,-42,22,7,101,42,42,-25]} 1. e4 c6 2. d4
d5 3. f3 dxe4 (3... e6 {main}) 4. fxe4 e5 5. Nf3 Bg4 {main} (5... exd4 6. Bc4 {
72% for Wh}) (5... Be6 {61 % for Wh, is given as a slid line in Bezgodov 2014})
6. Bc4 (6. c3 {preferred by Bezgodov has been played in elite GM games}) 6...
Nd7 7. O-O {48 % for Wh} (7. c3 {56% for Wh} Bh5 (7... b5 {both antipating Qb3}
)) 7... Ngf6 8. Bg5 (8. c3 Bd6 9. Bg5 {main, 51% for Wh} (9. Be3 Qc7 10. h3 Bh5
11. Nbd2 O-O {Lenier-Bullen, GBR ch Aberytwyth 2014,0-1}) (9. Qd3 Qc7 10. h3
Bh5 11. Be3 O-O {Healey-Bullen, 4NCL 2015,1/2-1/2})) 8... Qb6 {given as =by
Engines, but results have very much favoured Wh. Perhaps because the more open
lines in this variation take CaroKann players out of their normal (staid?)
variations} (8... Bd6 9. c3 O-O 10. Nbd2 {main, 57% for Wh}) 9. Bxf6 (9. Nbd2 {
2 Wh wins, 1 draw} Qxd4+ {not yet played , given as = by KomodoDragon3} (9...
exd4 $11 {1-0})) 9... Bxf3 $6 {risky, perhaps to avoid a B sac ( but it merely
encourages it} (9... gxf6 $17 {Cloud Engines,} 10. Nbd2 (10. Bxf7+ $6 Kd8 {
was Le Borgne-Guillot, Hennebont Grand Prix,2006 1-0} (10... Kxf7 $1 11. Ng5+
Ke8 12. Qxg4 fxg5 $19)) 10... O-O-O) 10. Rxf3 (10. Bxf7+ $1 {Cloud Engines}
Kxf7 11. Bh4 Qxd4+ 12. Qxd4 exd4 13. Nd2 c5 14. Nxf3 Ke8 15. c3 $16 {though Bl
has to take extra care with their K in the middle}) 10... Nxf6 $17 11. c3 (11.
Kh1 {Cloud Engines}) 11... exd4 $19 12. cxd4 Rd8 (12... O-O-O) 13. Qe2 Qxd4+ (
13... Rxd4 14. Kh1 Rxe4) 14. Kh1 Qd1+ 15. Qf1 Qxf1+ 16. Rxf1 Rd4 (16... Bc5)
17. Bxf7+ (17. e5 Nd5 18. Bb3 Bb4 $19 {KomodoDragon3}) 17... Kxf7 18. e5 Be7
19. Nc3 Kg6 20. exf6 Bxf6 $19 21. Rae1 Rd2 22. Re6 Rxb2 23. Ne4 Rf8 24. h4 h6 (
24... Rxa2) 25. g4 Kf7 26. Rd6 Kg8 27. Nxf6+ Rxf6 28. Rfxf6 gxf6 29. Rxf6 Kg7
30. Rd6 c5 31. h5 c4 32. Rg6+ Kh7 33. Rd6 c3 34. Rd7+ Kg8 0-1

[Event "S Wales Late Summer Open"]
[Site "?"]
[Date "2022.09.02"]
[Round "1.4"]
[White "Young, Alan J"]
[Black "Chong, Kimberly"]
[Result "1-0"]
[WhiteElo "2088"]
[BlackElo "1717"]
[Annotator "kemen"]
[PlyCount "43"]
[EventDate "2022.??.??"]
[SourceVersionDate "2022.09.07"]

{[%evp 0,23,30,30,32,36,36,50,41,70,72,74,69,69,69,69,57,60,77,75,75,74,77,88,
99,104]} 1. e4 d5 2. exd5 Nf6 3. Nf3 Nxd5 4. d4 g6 5. c4 Nb6 6. Nc3 Bg7 7. c5
Nd5 8. Bc4 c6 9. O-O O-O 10. Re1 e6 {dooms the QB to passivity} (10... Bg4 {
main}) 11. Bg5 $18 Qc7 12. Qd2 b5 $146 (12... b6 {2-0}) (12... f6 {1-0}) 13.
Bxd5 exd5 14. Re7 Qa5 (14... Nd7 15. Ne5 b4 16. Ne2 a5 17. Re1 $18 {
KomodoDragon3- the Bl pieces have no activity}) 15. Rae1 Be6 16. Bh6 (16. R1xe6
{KomodoDragon3- is already winning} fxe6 17. Qe2 Na6 18. Qxe6+ Kh8 19. Ne5 {
and Bl has to give up the Q to tempoarily save the K}) 16... Bf5 17. Ne5 (17.
Bxg7 Kxg7 18. Qf4 Nd7 19. g4 $18 {KomodoDragon3}) 17... Be6 18. Bxg7 Kxg7 19.
Qg5 b4 20. Nxg6 $1 hxg6 (20... h6 21. Qg3 Nd7 22. R1xe6 Nf6 23. Ne5+ Kh8 24.
Rxf6 Kh7 25. Rexf7+ Rxf7 26. Rxf7+ Kh8 27. Qg7# {KomodoDragon3}) 21. R1xe6 Kh7
22. Qxg6+ 1-0

[Event "S Wales Late Summer Open"]
[Site "?"]
[Date "2022.09.02"]
[Round "1.5"]
[White "Chung, Daniel"]
[Black "Pleasants, Allan J"]
[Result "0-1"]
[WhiteElo "1693"]
[BlackElo "2005"]
[Annotator "kemen"]
[PlyCount "66"]
[EventDate "2022.??.??"]
[SourceVersionDate "2022.09.07"]

{[%evp 0,11,30,14,26,-9,37,51,76,42,65,-23,1,-23]} 1. d4 Nf6 2. c4 c5 3. d5 b5
4. cxb5 a6 5. Bg5 (5. bxa6) (5. b6 {main lines}) 5... Ne4 6. Nf3 (6. Bf4) 6...
Nxg5 (6... axb5 {1-4}) 7. Nxg5 g6 (7... Qa5+ 8. Qd2 axb5 9. e4 g6 10. Qxa5 Rxa5
11. Nd2 Bg7 12. a4 c4 13. Ra2 Ba6 {Valcarcel-Predebon,Florianopolis 2017,0-1})
8. e4 (8. e3 $11 {KomodoDragon3}) 8... Bg7 9. Nc3 d6 10. Be2 axb5 11. Bxb5+ Bd7
12. Be2 (12. a4 $14) 12... Qa5 13. Qd2 Na6 14. O-O Nc7 15. Qd3 (15. Rac1 $14)
15... O-O 16. f4 {overextends the centre} (16. Rab1 Rfb8 17. Qd2 $15) 16...
Rab8 $19 (16... Rfb8 $18) 17. Qc2 Qb4 (17... Rxb2 $1 18. Qxb2 Bxc3 19. Qc2 Nb5
(19... Bxa1) 20. Bxb5 Bxb5 21. Rfc1 Bxa1 22. Rxa1 Ra8 $19 {KomodoDragon3}) 18.
Rab1 Nb5 (18... f5 $1 $17) 19. Bxb5 Bxb5 20. Nxb5 Rxb5 21. b3 $11 Qa3 22. Rbd1
(22. Nf3 $11) 22... Rb4 23. Kh1 Ra8 24. Rd2 c4 $15 25. Rf3 (25. e5 h6 26. Ne4
dxe5 27. f5 cxb3 28. axb3 Qa6 29. Rdf2 Rc8 30. Qb1 Rd4 31. f6 exf6 32. Nxf6+
Kh8 33. h3 $15 {KomodoDragon3}) (25. Re2 $15) 25... c3 $19 26. Re2 (26. Rd1 Qb2
) 26... Rxb3 $1 27. Qd1 Rb2 28. Rff2 Qxa2 (28... Rab8) 29. Nf3 Qa1 (29... Rb1)
30. Qg1 Qxg1+ (30... Rb1) 31. Kxg1 Ra1+ 32. Rf1 Rxf1+ 33. Kxf1 c2 0-1

[Event "S Wales Late Summer Open"]
[Site "?"]
[Date "2022.09.02"]
[Round "1.6"]
[White "Garcia, Jason"]
[Black "Browse, Joseph"]
[Result "1-0"]
[WhiteElo "1996"]
[BlackElo "1629"]
[Annotator "kemen"]
[PlyCount "45"]
[EventDate "2022.??.??"]
[SourceVersionDate "2022.09.07"]

1. Nf3 d5 2. g3 c5 3. Bg2 Nc6 4. d4 Nf6 5. O-O e6 6. c4 cxd4 7. Nxd4 Be7 8. Nc3
h6 {a little slow} (8... O-O) 9. e4 $146 (9. cxd5 exd5 {transposes to 26 games}
) (9. Be3 $16 {Cloud Engines}) 9... dxc4 $11 10. Nxc6 bxc6 (10... Qxd1 11. Rxd1
bxc6 $11) 11. Qa4 $14 Bd7 12. Qxc4 Qc7 13. e5 (13. Re1 $16 {KomodoDragon3})
13... Qxe5 14. Bxc6 Qc7 (14... Rd8 $14) 15. Bxd7+ Qxd7 16. Rd1 Qb7 17. Qa4+ Nd7
(17... Kf8 18. Be3 Kg8 19. Rd2 Kh7 $14 {KomodoDragon3}) 18. Be3 $18 a6 19. Rd2
Rd8 20. Rad1 Bf6 21. Ne4 Ke7 22. Qa3+ Ke8 23. Nd6+ 1-0

[Event "S Wales Late Summer Open"]
[Site "?"]
[Date "2022.09.02"]
[Round "1.7"]
[White "Morgans, Justin"]
[Black "Menadue, Jeremy"]
[Result "0-1"]
[WhiteElo "1613"]
[BlackElo "1960"]
[Annotator "kemen"]
[PlyCount "86"]
[EventDate "2022.??.??"]
[SourceVersionDate "2022.09.07"]

{[%evp 0,4,45,23,90,-27,-1]} 1. e4 Nf6 2. d3 d5 3. e5 (3. Nd2) 3... Nfd7 4. d4
c5 5. c3 Nc6 6. Bb5 $146 (6. Nf3) (6. f4 {main lines}) 6... cxd4 (6... Qa5 $17
{KomodoDragon3}) 7. Bxc6 bxc6 8. cxd4 e6 $17 9. Nf3 (9. Ne2) 9... Ba6 $19 10.
Nc3 c5 11. Be3 Qa5 (11... Rb8) 12. Qa4 Qxa4 13. Nxa4 c4 (13... cxd4 14. Bxd4
Bb4+ $17 {KomodoDragon3}) 14. O-O Rb8 15. Rfc1 (15. Rfb1 $11 {KomodoDragon3})
15... Be7 16. Rab1 O-O (16... f6 $15) 17. Nc5 Bb5 18. b4 (18. b3 $11) 18...
cxb3 19. Rxb3 Nxc5 20. dxc5 Bc4 21. Ra3 (21. Rxb8 Rxb8 22. Nd2 Bxa2 23. c6 $11
{KomodoDragon3}) 21... a6 22. Nd2 Bb5 23. h3 Rfc8 24. Nb3 (24. Rb3) 24... Kf8
25. Nd2 f6 26. f4 Kf7 27. Rac3 g5 28. Nb3 (28. fxg5 fxg5 29. Nf3 h6 30. Rb3 $11
{KomodoDragon3}) 28... Rc7 29. Kf2 h6 30. g3 Rbc8 31. Nd2 (31. exf6 Bxf6 32.
Bd4 $11 {KomodoDragon3}) 31... gxf4 32. gxf4 fxe5 33. fxe5 Bh4+ $19 34. Kf3 Kg6
(34... Rg8 35. Rg1 Rxg1 36. Bxg1 Ke8 37. Nb3 Rg7 $19 {KomodoDragon3}) 35. Kg4
Be7 (35... Bd8 $19) 36. Nb3 Bc4 37. Nd4 Kf7 (37... Bxc5 $19 38. Nxe6 Bxe3 39.
Rxe3 Be2+ {KomodoDragon3}) 38. Bxh6 (38. c6 $11) 38... Rg8+ 39. Kh5 Bxc5 40.
Rf3+ Ke7 41. Rxc4 (41. Rf4 Bxd4 42. Rxd4 Kd7 $17) 41... dxc4 42. Bg5+ Ke8 (
42... Rxg5+ 43. Kxg5 Bxd4 $19) 43. Rf6 Be7 (43... Rxg5+ 44. Kxg5 Bxd4) 0-1

[Event "S Wales Late Summer Open"]
[Site "?"]
[Date "2022.09.02"]
[Round "1.8"]
[White "May, Adam J"]
[Black "Parri, Deio"]
[Result "1/2-1/2"]
[WhiteElo "1941"]
[BlackElo "1609"]
[Annotator "kemen"]
[PlyCount "69"]
[EventDate "2022.??.??"]
[SourceVersionDate "2022.09.07"]

{[%evp 0,26,32,32,13,22,27,-1,4,-8,20,24,19,15,18,14,29,4,-2,-20,30,30,30,30,
30,28,28,27,38]} 1. d4 d5 2. Nf3 Nf6 3. g3 e6 4. Bg2 Be7 5. O-O O-O 6. c4 c6 7.
Qc2 b6 8. Nbd2 Bb7 9. e4 dxe4 10. Nxe4 Nbd7 11. Rd1 Qc8 12. Nc3 Rd8 13. Bf4 Nf8
14. h4 $146 (14. Ne5 {Cloud Engines, 3.5-0.5}) 14... c5 $11 15. a3 (15. dxc5)
15... cxd4 $19 16. Nb5 (16. Nxd4 Bxg2 17. Kxg2 Qxc4 $19 {KomodoDragon3}) 16...
Ng6 (16... Be4 17. Qb3 Bc5 $19) 17. Bg5 h6 (17... e5 $19 {KomodoDragon3}) 18.
Bxf6 Bxf6 19. Nbxd4 a6 20. Rac1 Qc5 (20... Ra7 $17) 21. Nxe6 $11 Rxd1+ 22. Rxd1
Qh5 23. Ned4 Rd8 24. Qb3 Bxd4 25. Rxd4 Rxd4 26. Nxd4 Bxg2 27. Kxg2 Qc5 (27...
Nxh4+ $11 {KomodoDragon3}) 28. Qc3 (28. Nf3 $18) 28... Ne5 29. Qe3 Nxc4 $11 30.
Qe8+ Qf8 31. Qe2 Qc5 32. Nf3 Qb5 33. Nd4 Qd5+ 34. Nf3 Qb5 35. Nd4 {(draw?)}
1/2-1/2

[Event "S Wales Late Summer Open"]
[Site "?"]
[Date "2022.09.02"]
[Round "1.9"]
[White "Ley, Cyril"]
[Black "Thomas, James"]
[Result "0-1"]
[WhiteElo "1571"]
[BlackElo "1922"]
[Annotator "kemen"]
[PlyCount "50"]
[EventDate "2022.??.??"]
[SourceVersionDate "2022.09.07"]

{[%evp 0,7,30,-6,-26,-37,-37,-76,-21,-18]} 1. c4 e5 2. b3 Nc6 3. a3 f5 4. Bb2
Nf6 5. Nf3 d6 6. e3 Be7 7. Be2 (7. d4 e4 8. d5 {Kungys-Griksaite, Plunge op
2022,1/2-1/2}) 7... O-O 8. O-O Qe8 9. c5 (9. Nc3 {0.5-1.5}) 9... e4 $19 10.
cxd6 Bxd6 11. Bxf6 (11. Nd4 f4 12. exf4 Qg6 $19 {KomodoDragon3}) 11... Rxf6 (
11... exf3 12. Bc4+ Kh8 13. Bb2 fxg2 14. Kxg2 f4 $19 {KomodoDragon3}) 12. Ng5
h6 13. Nh3 Qe5 14. Nf4 Qxa1 $19 15. Bc4+ Kh7 16. Nd5 Rg6 17. g3 Qe5 18. Nbc3
Na5 19. Be2 Be6 20. f4 exf3 21. Bxf3 Rxg3+ $1 22. hxg3 Qxg3+ 23. Bg2 Qh2+ 24.
Kf2 Bg3+ 25. Kf3 Bf7 (25... Bf7 26. Nf4 Bxf4 27. exf4 Bh5+) 0-1

[Event "S Wales Late Summer Open"]
[Site "?"]
[Date "2022.09.02"]
[Round "1.10"]
[White "Fathallah, Joe"]
[Black "Chung, Ethan"]
[Result "1-0"]
[WhiteElo "1907"]
[BlackElo "1570"]
[Annotator "kemen"]
[PlyCount "45"]
[EventDate "2022.??.??"]
[SourceVersionDate "2022.09.07"]

{[%evp 0,22,22,22,22,-17,-15,-16,68,11,43,25,24,-5,46,42,39,41,41,62,46,36,28,
23,95]} 1. d4 d5 2. c4 e6 3. Nc3 c5 4. dxc5 (4. cxd5 {main}) 4... d4 5. Ne4 Nc6
(5... Bxc5 6. Nxc5 Qa5+) 6. Nf3 Bxc5 7. Nxc5 Qa5+ 8. Bd2 Qxc5 9. e3 e5 10. exd4
exd4 11. Bd3 Bg4 $146 (11... Nge7 12. O-O (12. Qc2 a5 13. a3 Bg4 14. Ng5 Qe5+
15. Kf1 Qc7 16. Re1 h6 17. Ne4 Ne5 18. Bf4 f6 19. c5 O-O {Fathallah-T Headlong,
Frome op 2019,1/2-1/2})) 12. O-O $18 O-O-O 13. a3 (13. h3 $18) 13... Ne5 14. b4
(14. Bf4 Nxd3 15. Qxd3 Ne7 16. Ng5 $16 {KomodoDragon3}) 14... Qb6 (14... Qc7
$11) 15. Bf4 (15. Bf5+ Bxf5 16. Nxe5 Qf6 17. Re1 Ne7 18. c5 $18 {KomodoDragon3}
) 15... Bxf3 (15... Nxd3 16. Qxd3 Qg6 17. Qxg6 hxg6 18. Ne5 Be6 19. Rfe1 Nh6
20. Nxg6 $16 {KomodoDragon3}) 16. Bf5+ Nd7 17. Qxf3 $18 Ne7 18. c5 Qf6 19. Be4
Nc6 20. b5 Nde5 21. Qg3 Ng6 22. Qg4+ Rd7 23. bxc6 1-0

[Event "S Wales Late Summer Open"]
[Site "?"]
[Date "2022.09.02"]
[Round "1.11"]
[White "Mcghee, David"]
[Black "Fowler, Hugo"]
[Result "0-1"]
[WhiteElo "1529"]
[BlackElo "1904"]
[Annotator "kemen"]
[PlyCount "64"]
[EventDate "2022.??.??"]
[SourceVersionDate "2022.09.07"]

{[%evp 0,10,22,36,42,15,28,16,12,12,30,-4,-1]} 1. e4 e5 2. Nf3 Nc6 3. d4 exd4
4. Nxd4 Bc5 5. Nxc6 Qf6 6. Qf3 (6. Qd2 {main}) 6... bxc6 (6... dxc6 {main}) 7.
Bd3 (7. Nd2) (7. Nc3) 7... d6 8. Nd2 Be6 (8... Qxf3 {86 games}) 9. Qg3 (9. O-O
a5 10. Qe2 Ne7 11. Kh1 Ng6 12. Nb3 Bb6 13. f4 {McDaniel-Slatinsky, LSS No
Engine Cup 2018,1-0}) 9... Ne7 (9... h5 {KomodoDragon3}) 10. Nb3 (10. f4 $16 {
KomodoDragon3}) 10... Bb6 11. O-O Ng6 12. Kh1 Ne5 (12... Qh4) 13. Be2 (13. f4)
13... Bc4 14. Bxc4 Nxc4 15. f4 O-O 16. Nd2 (16. Re1 $11) 16... Ne3 $19 17. Rf3
Nxc2 18. Rb1 Rfe8 19. b4 Qg6 20. Qh3 Rxe4 (20... Qe6 $19) 21. Nxe4 Qxe4 22. Rf1
(22. Bd2 Re8 $17 {KomodoDragon3}) 22... Ne1 $19 23. Bd2 (23. Rb2 Nd3 24. Qg3 (
24. Rc2 Nf2+) 24... Nxb2 25. Bxb2 Bd4 $19 {KomodoDragon3}) 23... Qxb1 24. Rxe1
Qxa2 25. Bc3 Qc2 (25... Qc4) 26. Qd7 Rf8 27. Re8 Qc1+ 28. Be1 g6 $19 {only move
} 29. f5 Rxe8 (29... Be3) 30. Qxe8+ Kg7 31. Qe7 Bd4 (31... Be3) 32. Qh4 Bc3 0-1

[Event "S Wales Late Summer Open"]
[Site "?"]
[Date "2022.09.02"]
[Round "1.12"]
[White "Duke, Dillan"]
[Black "Wu, Yuxuan"]
[Result "1-0"]
[WhiteElo "1896"]
[BlackElo "1458"]
[Annotator "kemen"]
[PlyCount "149"]
[EventDate "2022.??.??"]
[SourceVersionDate "2022.09.07"]

{[%evp 0,23,28,28,109,88,106,20,20,25,26,21,12,14,25,15,26,30,20,-29,3,3,1,-2,
1,-4]} 1. e4 c5 2. Nc3 g6 3. g3 Bg7 4. Bg2 Nc6 5. d3 d6 6. Be3 e6 7. Qd2 Nge7 (
7... Rb8) 8. Nge2 Nd4 9. Nd1 Nxe2 10. Qxe2 Bd7 11. O-O O-O 12. f4 (12. c3) (12.
Qd2) 12... Bc6 13. c3 Rc8 $11 (13... Qd7 $11 {1-2-1}) 14. Nf2 (14. d4 {2 draws}
) 14... b6 15. Rad1 d5 16. d4 cxd4 (16... Qe8 $11) 17. Bxd4 Bxd4 18. Rxd4 Qe8
19. Re1 (19. Ng4 $16) 19... dxe4 20. Bxe4 f5 (20... Nf5 $11) 21. Bxc6 (21. Bc2
Nd5 22. Qxe6+ $18 {KomodoDragon3}) 21... Rxc6 (21... Nxc6 22. Rd3 Nd8 23. h4
$16) 22. Qe5 (22. Nd3 $18) 22... Qc8 23. Rd6 Rd8 $2 (23... Rxd6 24. Qxd6 Kf7
25. Rd1 $14 {KomodoDragon3}) 24. Qxe6+ $18 Qxe6 25. Rdxe6 (25. Rxd8+ Kf7 26.
Rxe6 Rxe6 27. Kf1 $18 {most accurate}) 25... Rxe6 26. Rxe6 Kf7 27. Re2 Ng8 28.
Kf1 Nf6 29. Ke1 h6 30. Re5 $18 Rd6 31. Ke2 Nd7 32. Re3 Nc5 33. h3 (33. Nd3 Ne4
34. Ne5+ Kf6 35. Rd3 Re6 36. Rd7 $18) 33... Kf6 34. Re8 Re6+ {Bl should keep
Rs on, as R&P endings are easier to hold (though also to go fatally wrong-cf a
couple of games in the Seniors} (34... a5 $16) 35. Rxe6+ Kxe6 36. b4 (36. c4 {
candidate first- the one on the file that will get through)}) 36... Na4 37. Nd1
(37. Kd3) 37... b5 38. Kd3 Nb6 39. Ne3 g5 40. Kd4 gxf4 41. gxf4 a6 42. a3 (42.
c4) 42... Nd7 43. Nd5 Kd6 44. c4 bxc4 45. Kxc4 h5 46. a4 (46. Ne3 Ke6 47. h4
Nf8 48. Kc5 $18 {KomodoDragon3}) 46... Nf8 47. Nc3 (47. Nf6 h4 48. b5 $18 {
KomodoDragon3}) 47... Ne6 48. Ne2 h4 49. a5 (49. b5 {candidate first}) 49...
Nc7 50. Nd4 Nd5 51. Nxf5+ Kc6 52. Nd4+ (52. Nxh4 Nxf4 $11) 52... Kd6 53. Ne2 (
53. f5 $1) 53... Ne3+ 54. Kb3 Nf5 55. Ka4 (55. Kc3 Kc7 56. Kc4 Ne3+ 57. Kc5 Nd1
58. f5 $18 {KomodoDragon3}) 55... Ng3 (55... Kc6 56. Nc3 Nd4 57. Ne4 Kb7 58.
Nc5+ Ka7 59. Ka3 Nb5+ 60. Kb3 Nd4+ 61. Kc4 Nf5 62. b5 $18 (62. Kd5 $18 {
supporting the f pawn})) 56. Nd4 (56. Nc3 Kc6 57. b5+) 56... Kd5 57. b5 $1 $18
Ne4 58. Nf3 (58. bxa6 $1 $18) (58. Kb4 $18) 58... Nc3+ 59. Kb4 Nxb5 60. Nxh4
Nd4 61. Ng6 Nc6+ 62. Ka4 Nd4 63. h4 Ke4 64. h5 Kf5 65. Ne7+ (65. Ne5) 65... Kf6
66. h6 (66. Nd5+ Kf7 67. Nc7 Nf5 68. Nxa6 {KomodoDragon3}) 66... Ne6 67. f5 (
67. Nd5+ Kf7 (67... Kg6 68. f5+ Kxf5 69. h7) 68. Kb4 Nf8 69. Kc5) 67... Nf8 68.
Nd5+ Kxf5 69. Nc7 Kg6 70. Nxa6 Kxh6 71. Nc5 Ng6 72. a6 Ne5 73. Kb5 (73. a7)
73... Nf7 74. a7 Nd6+ 75. Kb4 {the last pawn gets through} 1-0

[Event "S Wales Late Summer Open"]
[Site "?"]
[Date "2022.09.02"]
[Round "1.13"]
[White "Kong, Emma"]
[Black "Jukes, Sam"]
[Result "0-1"]
[WhiteElo "1270"]
[BlackElo "1895"]
[Annotator "kemen"]
[PlyCount "66"]
[EventDate "2022.??.??"]
[SourceVersionDate "2022.09.07"]

{[%evp 0,4,80,22,27,-16,12]} 1. d4 Nf6 2. c4 b6 3. Nf3 (3. Nc3 Bb7 4. Qc2 {
tries to control e4}) 3... Bb7 4. e3 d5 5. Be2 (5. Nc3 {main}) 5... dxc4 $146 (
5... e6 {256 games}) 6. Nbd2 (6. Bxc4) 6... b5 7. O-O (7. a4) 7... e6 8. a3 (8.
a4 a6 9. Qc2 $11) 8... Nbd7 9. Qc2 Be7 10. b3 cxb3 11. Qxb3 (11. Nxb3) 11... a6
12. Bb2 (12. a4 b4 13. a5 O-O 14. Bb2 c5 $17 {KomodoDragon3}) 12... O-O (12...
c5 $19) 13. Rac1 (13. a4 b4 14. a5) 13... c5 $19 14. dxc5 Nxc5 15. Qd1 (15. Qa2
{is a little better- Stockfish15 & KomodoDragon3}) 15... Na4 16. Bxf6 Bxf6 17.
Qb3 Qe7 (17... Bd5) 18. Qb4 Nc3 19. Bd1 Qxb4 20. axb4 Rac8 21. Kh1 Nd5 22. Bb3
(22. Rb1 Bc3 23. Be2 Bxb4) 22... Nxb4 23. e4 Nd3 24. Rb1 Rfd8 25. Kg1 h5 26.
Rfd1 a5 27. Ba2 b4 28. Bc4 Bc3 (28... Nb2) 29. Bxd3 Rxd3 30. Rbc1 Bxd2 31.
Rxc8+ Bxc8 32. Rxd2 Rxd2 33. Nxd2 a4 0-1